| 000 | 00752nam a2200217 i 4500 | ||
|---|---|---|---|
| 001 | bg | ||
| 100 | 1 | _aPOPOWSKA, Bożena | |
| 245 | 1 | 0 |
_aPrzedsiębiorstwo państwowe w orzecznictwie sądowym / _cwyboru i [oprac.] dokonali Bożena Popowska, Roman Sowiński ; Uniwersytet im. Adama Mickiewicza w Poznaniu. |
| 260 |
_aPoznań : _bWydaw. Naukowe UAM, _c1993. |
||
| 300 |
_a212 s. ; _c23 cm. |
||
| 504 | _aIndeks. | ||
| 650 | 9 |
_aOrzecznictwo cywilne _xzagadnienia _zPolska |
|
| 650 | 9 |
_aPrzedsiębiorstwo _xprawo _zPolska |
|
| 655 | _aPodręczniki akademickie | ||
| 700 | 1 | _aSOWIŃSKI, Roman | |
| 040 | _cBPK | ||
| 041 | 0 | _apl | |
| 080 | _a342.951:351.82:658.115:347.91/.95](438)(075.8) | ||
| 942 | _cKS | ||
| 008 | s pl f |000 0 pol | ||
| 999 |
_c32276 _d32276 |
||
| 856 |
_uhttp://koha.tu.koszalin.pl/cgi-bin/koha/opac-detail.pl?biblionumber=32276 _yKatalog online BPK |
||